000 00608nam a22002057a 4500
003 koha_MIRAKIL
005 20231213100002.0
008 231213b |||||||| |||| 00| 0 ||| d
020 _b978-9-75437618-0
040 _aTR-IsEVY
_btur
_cTR-IsEVY
082 _a818.316 KÖS/G
100 _aKösoğlu, Nevzat.
245 0 _aGeçmiş zaman peşinde, yahut, Vaizin söyledikleri
250 _a2. bs.
260 _bÖtüken,
_c2013
300 _a240 s., [24] s.
650 _aAuthors, Turkish -- Biography.
650 _aİspir (Erzurum İli, Türkiye) -- Sosyal yaşam ve gelenekler.
942 _2ddc
_cBK
999 _c12642
_d12642